000 00300nam a2200121Ia 4500
008 240624s9999 xx 000 0 und d
041 _aeng
082 _a670 ALA
100 _aCHENNAKESAVA
245 _aCAD CAM CONCEPTS AND APPLICATIONS
260 _c2009
_aNew Delhi
_bPHI Learning
365 _cRS
_b35
999 _c14052
_d14052